• 首页
  • 本馆介绍
  • 公告通知
  • 最新文献
  • 馆藏检索
  • 电子资源
  • 读者导购
  • 参考咨询
  • 我的图书馆
  • 登录
  • 详细信息显示
  • 放入我的书架
  • 预约/预借图书
  • 作者相关作品
  • 分类相关作品
  • 丛书相关作品
  • 出版社相关作品

书目信息

  • 表格格式
  • 工作单格式
  • 卡片格式
题名:
清代山水画集
    
 
作者: 徐湖平 , 刘建平 主编
分册:  
出版信息: 天津   天津人民美术出版社  2000
页数: 174页
开本: 8开
丛书名:
单 册:
中图分类: J222.49
科图分类:
主题词: 山水画--作品集--中国--清代
电子资源:
ISBN: 7-5305-1176-9
000 00656nam0 2200217 45
001 0206031612
005 20031219104056.3
010    @a7-5305-1176-9@b精装@dCNY235.00
100    @a20020603d2000 km y0chiy0120 ea
101 0  @achi
105    @afh z 000yy
200 1  @a清代山水画集@AQing Dai Shan Shui Hua Ji@f徐湖平,刘建平主编@FXu Hu Ping,Liu Jian Ping Zhu Bian
210    @a天津@c天津人民美术出版社@d2000
215    @a174页@d8开
300    @a本书为南京博物院藏本
606 0  @a山水画@x作品集@y中国@z清代
690    @aJ222.49@v4
701  0 @a徐湖平@4主编
701  0 @a刘建平@4主编
801    @aCN@bTSTC@c20020603
905    @b311333-339@dJ222.49@e128@f7
    
    清代山水画集/徐湖平,刘建平主编.-天津:天津人民美术出版社,2000
    174页;8开
    本书为南京博物院藏本
    
    ISBN 7-5305-1176-9(精装):CNY235.00
    
●
相关链接 在E读中查询图书 在五车中查询图书 在当当中查询图书 在豆瓣中查询图书


正题名:清代山水画集     索取号:J222.49/128         预约/预借

序号 登录号 条形码 馆藏地/架位号 状态 备注
1 0311333   203113335   古籍典藏专区/ [索取号:J222.49/128] 在馆    
2 0311334   203113344   古籍典藏专区/ [索取号:J222.49/128] 在馆    
3 0311335   203113353   古籍典藏专区/ [索取号:J222.49/128] 在馆    
4 0311336   203113362   古籍典藏专区/ [索取号:J222.49/128] 在馆    
5 0311337   203113371   古籍典藏专区/ [索取号:J222.49/128] 在馆    
6 0311338   203113380   古籍典藏专区/ [索取号:J222.49/128] 在馆    
7 0311339   203113399   古籍典藏专区/ [索取号:J222.49/128] 在馆    
唐山师范学院图书馆 欢迎您!
大连网信软件有限公司© 版权所有